Sports Quiz

Random Sports or WWE Quiz

Longest Champs in WWE Quiz Stats

 Plays Quiz not verified by Sporcle

Score 0/8 Timer 04:00
0 Plays Today
Championship Wrestler % Correct
WWE ChampionshipBruno Sammartino
85.1%
WWE Womens ChampionshipThe Fabulous Moolah
82.4%
WWE Intercontinental ChampionshipThe Honky Tonk Man
71%
WWE World Heavyweight ChampionshipBatista
53.3%
WWE Divas ChampionshipMaryse
39.7%
WWE World Tag Team ChampionshipDemolition
36.7%
WWE Tag Team ChampionshipPaul London and Brian Kendrick
34.3%
WWE United States ChampionshipLex Luger
17.6%

You're not logged in!

Compare scores with friends on all Sporcle quizzes.
OR
Log In

You Might Also Like...

Show Comments

Extras

Top Quizzes Today


Score Distribution

Your Account Isn't Verified!

In order to create a playlist on Sporcle, you need to verify the email address you used during registration. Go to your Sporcle Settings to finish the process.

Report this User

Report this user for behavior that violates our Community Guidelines.

Details: